10 Country Capitals From Each Continent - Statistics

General Stats
  • This quiz has been taken 10 times
  • The average score is 43 of 60
Answer Stats
Countries Capital % Correct
Ethiopia Addis Ababa
100%
Democratic Republic of the Congo Kinshasa
100%
Angola Luanda
100%
Kenya Nairobi
100%
Nigeria Abuja
86%
Ghana Accra
86%
Netherlands Amsterdam
86%
Thailand Bangkok
86%
China (Asia staring here) Beijing
86%
Germany (Europe starting here) Berlin
86%
Switzerland Bern
86%
Djibouti Djibouti
86%
Vietnam Hanoi
86%
Indonesia Jakarta
86%
Portugal Lisbon
86%
United Kingdom London
86%
Spain Madrid
86%
Phillipines Manila
86%
Mexico Mexico City
86%
Norway Oslo
86%
France Paris
86%
Italy Rome
86%
Sweden Stockholm
86%
Taiwan Taipei
86%
United States (North America starting here) Washington, D.C.
86%
New Zealand Wellington
86%
Colombia Bogotá
71%
Brazil Brasilia
71%
Barbados Bridgetown
71%
Argentina (South America starting here) Buenos Aires
71%
Australia (Oceania starting here) Canberra
71%
Venezuela Caracas
71%
Tanzania (Africa starting here) Dodoma
71%
Tuvalu Funafuti
71%
Guatemala Guatemala City
71%
Cuba Havana
71%
Solomon Islands Honiara
71%
Jamaica Kingston
71%
Niger Niamey
71%
Panama Panama City
71%
Chile Santiago
71%
Dominican Republic Santo Domingo
71%
Fiji Suva
71%
Bhutan Thimphu
71%
Laos Vientiane
71%
Samoa Apia
57%
Paraguay Asunción
57%
United Arab Emirates Dubai
57%
Uruguay Montevideo
57%
Tonga Nuku'alofa
57%
Papa New Guinea Port Moresby
57%
Vanatu Port Vila
57%
Ecuador Quito
57%
Dominica Roseau
57%
Bolivia Sucre
57%
Kiribati Tarawa
57%
Guyana Georgetown
43%
Uganda Kipili
0%
Malaysia Kuala Lumpar
0%
Canada Ottowa
0%
No matching quizzes found
Score Distribution
Percent of People with Each Score
Percentile by Number Answered
Your Score History
You have not taken this quiz